• 首页
  • 本馆介绍
  • 公告通知
  • 最新文献
  • 馆藏检索
  • 电子资源
  • 读者导购
  • 参考咨询
  • 我的图书馆
  • 登录
  • 详细信息显示
  • 放入我的书架
  • 预约/预借图书
  • 作者相关作品
  • 分类相关作品
  • 丛书相关作品
  • 出版社相关作品

书目信息

  • 表格格式
  • 工作单格式
  • 卡片格式
题名:
全国小学生获奖作文大全
    
 
作者: 胡龙平 编
分册:  
出版信息: 成都   四川科学技术出版社  1995
页数: 277页
开本: 19cm
丛书名:
单 册:
中图分类: H194.4
科图分类: 41.27
主题词: 作文--小学--选集
电子资源:
ISBN: 7-5364-0722-X
000 00762nam0 2200241 45
001 0196025413
005 20070721101100.73
010    @a7-5364-0722-X@dCNY8.80
100    @a19960720d1995 dm y0chiy0121 ea
101 0  @achi
102    @aCN@b220000
102    @aCN@b510000
105    @ay z 000yy
200 10 @a全国小学生获奖作文大全@AQUAN GUO XIAO XUE SHENG HUO JIANG ZUO WEN DA QUAN@f胡龙平等编@Fhu long ping deng bian
210    @a成都@c四川科学技术出版社@d1995
215    @a277页@d19cm
540 1  @a全国 小学生 获奖 作文 大全@AQUAN GUO XIAO XUE SHENG HUO JIANG ZUO WEN DA QUAN
606    @a作文@x小学@x选集
690    @aH194.4
692    @a41.27
701  0 @a胡龙平@Ahu long ping@4编
801  0 @aCN@bTSSF@c20070721
905    @a10447@dH194.4@e259
    
    全国小学生获奖作文大全/胡龙平等编.-成都:四川科学技术出版社,1995
    277页;19cm
    
    
    ISBN 7-5364-0722-X:CNY8.80
    
●
相关链接 在E读中查询图书 在五车中查询图书 在当当中查询图书 在豆瓣中查询图书


正题名:全国小学生获奖作文大全     索取号:H194.4/259         预约/预借

序号 登录号 条形码 馆藏地/架位号 状态 备注
1 0768336   207683363   第二样本阅览室/ [索取号:H194.4/259] 在馆    
唐山师范学院图书馆 欢迎您!
大连网信软件有限公司© 版权所有